Name the heavy metal band - Statistics

General Stats
  • This quiz has been taken 164 times
    156 since last reset
  • The average score is 13 of 39
Answer Stats
Hint Answer % Correct
Paranoid Black Sabbath
93%
Master of puppets Metallica
93%
Toxicity System of a down
83%
Iowa Slipknot
79%
Powerslave Iron Maiden
77%
Seasons in the abyss Slayer
73%
Sehnsucht Rammstein
59%
The sickness Disturbed
58%
Life is peachy Korn
54%
Lateralus Tool
50%
Antichrist superstar Marilyn Manson
43%
Demanufacture Fear factory
37%
October rust Type o negative
35%
Twilight of the thunder gods Amon Amarth
34%
Around the fur Deftones
34%
Burn my eyes Machine head
32%
Sacrament Lamb of God
31%
Obzen Meshuggah
30%
Follow the reaper Children of bodom
25%
Clayman In flames
25%
Crack the Skye Mastodon
25%
Got your six Five finger death punch
24%
Pretty hate machine Nine inch nails
23%
Dopesmoker Sleep
23%
Amongst the Catacombs of Nephren-Ka Nile
21%
Awake Godsmack
15%
City Strapping young lad
14%
Filth pig Ministry
12%
Streetcleaner Godflesh
10%
Tragic idol Paradise lost
10%
Natural born chaos Soilwork
10%
The Angel and the Dark River My dying bride
9%
We’re here because we’re here Anathema
8%
Catacombs of the black Vatican Black label Society
8%
Verminous The Black Dahlia Murder
7%
Character Dark tranquility
6%
Short bus Filter
6%
The last kind words Devildriver
4%
Heliocentric The Ocean
3%
No matching quizzes found
Score Distribution
Percent of People with Each Score
Percentile by Number Answered
Your Score History
You have not taken this quiz since the last reset